| 000 | 00566nam a2200205Ia 4500 | ||
|---|---|---|---|
| 005 | 20250508165545.0 | ||
| 008 | 008 250505s9999 xx 000 0 hin d | ||
| 020 | _a978-93-5072-912-0 | ||
| 037 | _aTextual | ||
| 040 |
_aFEDL _beng _cFEDL |
||
| 041 |
_ahin _2eng |
||
| 084 |
_a891.438, PAL _qFEDL |
||
| 100 | _aPaliwal Krishna Dutt | ||
| 245 | 0 | _aAadhunik bhartiya nayee kavita | |
| 260 |
_aNew Delhi, India _bKitabghar Prakashan _c2015 |
||
| 300 | _a255p. | ||
| 365 |
_aINR _b490 |
||
| 942 |
_cTEXL _h891.438, PAL |
||
| 999 |
_c1395853 _d1395853 |
||